<?xml version="1.0" encoding="UTF-8"?><?xml-stylesheet type="text/xsl" href="static/style.xsl"?><OAI-PMH xmlns="http://www.openarchives.org/OAI/2.0/" xmlns:xsi="http://www.w3.org/2001/XMLSchema-instance" xsi:schemaLocation="http://www.openarchives.org/OAI/2.0/ http://www.openarchives.org/OAI/2.0/OAI-PMH.xsd"><responseDate>2026-06-01T01:58:16Z</responseDate><request verb="GetRecord" identifier="oai:riuma.uma.es:10630/29178" metadataPrefix="marc">https://riuma.uma.es/rest/oai/request</request><GetRecord><record><header><identifier>oai:riuma.uma.es:10630/29178</identifier><datestamp>2026-02-03T11:27:45Z</datestamp><setSpec>com_10630_2254</setSpec><setSpec>col_10630_37953</setSpec></header><metadata><record xmlns="http://www.loc.gov/MARC21/slim" xmlns:dcterms="http://purl.org/dc/terms/" xmlns:doc="http://www.lyncode.com/xoai" xmlns:xsi="http://www.w3.org/2001/XMLSchema-instance" xsi:schemaLocation="http://www.loc.gov/MARC21/slim http://www.loc.gov/standards/marcxml/schema/MARC21slim.xsd">
   <leader>00925njm 22002777a 4500</leader>
   <datafield ind2=" " ind1=" " tag="042">
      <subfield code="a">dc</subfield>
   </datafield>
   <datafield ind2=" " ind1=" " tag="720">
      <subfield code="a">Sanchidrián-Blanco, María del Carmen</subfield>
      <subfield code="e">author</subfield>
   </datafield>
   <datafield ind2=" " ind1=" " tag="260">
      <subfield code="c">2021-06-09</subfield>
   </datafield>
   <datafield ind2=" " ind1=" " tag="520">
      <subfield code="a">Este artículo de reflexión presenta un marco para facilitar los estudios de historia&#xd;
comparada de educación preescolar y de larga duración, centrados en un país o&#xd;
región a partir de la revisión sistemática de investigaciones sobre la historia de la&#xd;
educación infantil. Este proceso de revisión se desarrolló teniendo en cuenta las&#xd;
etapas de los diferentes modelos de educación preescolar que pueden ser comunes&#xd;
entre países con duraciones diferentes, señalando tres etapas que abarcan&#xd;
desde la creación de las primeras instituciones hasta su generalización. Se revisan&#xd;
esas tres etapas en el caso español, sin intentar presentar la historia de la educación&#xd;
preescolar en España durante casi doscientos años, sino indicando algunos&#xd;
hitos, debates, contribuciones o normas legales significativas que permitan entender&#xd;
mejor esa historia y establecer puentes para una historia comparada. Tanto la&#xd;
teoría de dependencia de paso como la utilización de modelos permiten obtener&#xd;
una visión global de los procesos estudiados y percibir las decisiones que, tomadas&#xd;
en un momento dado, condicionan gran parte de esa historia. La utilización de&#xd;
este marco en estudios de larga duración en otros países permitirá ajustar las fases&#xd;
descritas y demostrar su eficacia.</subfield>
   </datafield>
   <datafield ind1="8" ind2=" " tag="024">
      <subfield code="a">Sanchidrián Blanco, C. (2021). La Historia de la educación preescolar desde la perspectiva de la larga duración. Revista Colombiana de Educación, 1(82), 257-278. https://doi.org/10.17227/rce.num82-10750</subfield>
   </datafield>
   <datafield ind1="8" ind2=" " tag="024">
      <subfield code="a">https://hdl.handle.net/10630/29178</subfield>
   </datafield>
   <datafield ind1="8" ind2=" " tag="024">
      <subfield code="a">10.17227/rce.num82-10750</subfield>
   </datafield>
   <datafield tag="653" ind2=" " ind1=" ">
      <subfield code="a">Educación - Historia</subfield>
   </datafield>
   <datafield tag="653" ind2=" " ind1=" ">
      <subfield code="a">Enseñanza preescolar</subfield>
   </datafield>
   <datafield tag="653" ind2=" " ind1=" ">
      <subfield code="a">España - Política educativa</subfield>
   </datafield>
   <datafield ind2="0" ind1="0" tag="245">
      <subfield code="a">La Historia de la educación preescolar desde la perspectiva de la larga duración.</subfield>
   </datafield>
</record>
</metadata></record></GetRecord></OAI-PMH>